C'est pas ma faute !
<< Retourner aux résultats de la recherche
| Auteur principal : | Mr Tan |
|---|---|
| Autres auteurs : | Miss Prickly |
| Titre : | C'est pas ma faute ! |
| Support : | Livres |
| Langue : | Francais |
| Publié : |
DL 2013 Tourbillon Paris |
| Series : |
Mortelle Adèle |
| Genre : |
Bande Dessinée (enfants) |
| Collection : |
Mortelle Adèle |
| Sujets : | |
| Étiquettes : |
Pas de tags
|
| LEADER | 00817nam0a2200229 450 | ||
|---|---|---|---|
| 001 | 16868359 | ||
| 010 | |a 978-2-84801-869-0 |b br. |d 12 | ||
| 100 | |a 20260529d2026 u u0frey01 ba | ||
| 101 | 0 | |a fre | |
| 102 | |a FR | ||
| 200 | 0 | |a C'est pas ma faute ! |f Mr Tan |g [dessins de] Miss Prickly | |
| 207 | 1 | |a | |
| 210 | |a Paris |c Tourbillon |d DL 2013 | ||
| 215 | |a 1 vol. (93 p.) |c ill. en coul. |d 21 cm | ||
| 225 | 1 | |a Mortelle Adèle |v 3 | |
| 330 | |a Adèle est pleine de ressources quand il s'agit d'embêter ses parents, ses copines, ou son hamster Fizz. | ||
| 461 | 0 | |t Mortelle Adèle |v 3 | |
| 700 | 0 | |a Mr Tan |f 1981-.... |4 70 | |
| 702 | 0 | |a Miss Prickly |f 1982-.... |4 440 | |
| 900 | |a Bande Dessinée (enfants) | ||
| 901 | |a Jeunesse | ||
| 995 | |a Médiathèque |c Médiathèque |f 089021917 |h 089021917 |k BD MOR |o p |q j |r az |e Médiathèque | ||